000 00308nam a2200121Ia 4500
005 20251222141953.0
008 251222s9999||||xx |||||||||||||| ||spa||
082 _a370.154/R93
100 _aRuiz A., Javieromar
245 0 _aDinámicas de Grupo para la Educación Popular
264 _bAguabrava
942 _cLIB
999 _c9755
_d9755